000 01232nam0a22002891 4500
001 rc\2192513
005 20260407020843.0
035 _a(NLR Aleph) 006613087
090 _a7369822
_c7369822
100 _a20110829d1978 |||y0rusy50 ca
101 0 _arus
102 _aRU
105 _ay z |||||
200 1 _aМетодические материалы по оценке состояния здоровья школьников Новосибирской области
_fМ-во здравоохранения РСФСР. Новосиб. н.-и. сан. ин-т
210 _aНовосибирск
_cБ. и.
_d1978
215 _a39 с.
_d22
300 _aНа обороте тит. л. исполн.: Булякова В.П., Н.Д. Богачанов, А.Д. Цукетти
702 1 _aЦукетти
_bА.Д.
_4220
702 1 _aБулякова
_bВ.П.
_4220
702 1 _aБогачанов
_bН.Д.
_4220
712 0 2 _aНовосибирский научно-исследовательский санитарный институт
_3RU\NLR\AUTH\8810005728
_9508872
801 0 _aRU
_bNLR
_gpsbo
801 1 _aRU
_bELAR
_2rusmarc
852 _aNLR
_j78-6/714
899 _aRuMoRGB
_jM 78-11/1389
942 _cBOOK
980 _aNB